Globalizacin̤, violencia juvenil y actuacin̤ de los poderes pb︢licos

Bibliographic Details
Main Author: Iglesias Machado, Salvador
Format: Unknown
Language:Spanish
Published: [Madrid] : Dykinson, 2006
Subjects:
Online Access:Acceso restringido

MARC

LEADER 00000ny a22000003n 4500
005 20110520114819.0
008 080613s2006 sp s 000 0 spa c
020 |a 849772822X 
035 |a 1401 
040 |a UMA.RE  |d vlex 
080 |a 343.915(0.034) 
090 |c 90  |d 90 
100 1 |a Iglesias Machado, Salvador 
245 1 0 |a Globalizacin̤, violencia juvenil y actuacin̤ de los poderes pb︢licos  |h [Recurso electrn̤ico]  |c Salvador Iglesias Machado 
256 |a Servicio en ln̕ea 
260 |a [Madrid] :  |b Dykinson,  |c 2006 
506 1 |a Contenido solo disponible en los productos indicados  |d vLex Global  |d vLex Global (Academic Edition, excluding Law Schools)  |d vLex Global (U.S. Academic Edition, Law Schools)  |d vLex Global (U.S. Academic Edition, excluding Law Schools)  |d vLex Global (Academic Edition, Law Schools) 
650 0 7 |a Penal  |2 Tesauro vLex 
650 0 7 |a Polt̕ica criminal y criminologa̕  |2 Tesauro vLex 
740 0 |a vLex Libros (Servicios en ln̕ea) 
856 4 0 |u http://vlex.com/source/1401  |z Acceso restringido 
942 |c BOOK 
999 0 4 |a Criminal Law   |v En ln̕ea  |b Spain  
999 0 4 |a Vandalismo  |v En ln̕ea 
999 0 4 |a Violencia juvenil  |v En ln̕ea